000 00634cam a2200181 i 4500
005 20260208103338.0
008 250721s2002 sy gr 000 j ara d
082 1 4 _aق
_bس ب ا
100 1 _aالسباعي، فاضل
_eمؤلف.
245 1 2 _aالألم على نار هادئة :
_bقصص /
_cفاضل السباعي.
250 _aالطبعة الثالثة.
264 3 1 _aدمشق :
_bإشبيلية للدراسات والنشر والتوزيع،
_c2002.
300 _a152 صفحة.
650 1 7 _aالأدب العربي.
650 1 7 _aالقصص العربية.
942 _2ddc
_cBK
999 _c78760
_d78760